Дело о зачислении учеников средних учебных заведений пансионерами и стипендиатами высочайшего имени

Доступно только в Электронных читальных залах Найти на картеНа карте
RUSMARC
00003752nmc2a22000003x 450
00150460e99-81e6-4a44-b252-8f39ff39e8fd
00520200213185315.0
100##$a20180802l18991901k l0rusy0189 ca
1010#$arus
102##$aRU
2001#$aДело о зачислении учеников средних учебных заведений пансионерами и стипендиатами высочайшего имени
$j29 января 1899 г. - 18 января 1901 г.
251##$cДело
300##$aДело
801#0$aRU
$bРГИА
$c20180802
$gRCR
801#1$aRU
$bГлавНИВЦ
$c20180802
$2rusmarc
801#2$aRU
$bПБ им. Б.Н. Ельцина
$c20200213
$gRCR
$2rusmarc
850##$aРГИА
852##$aРГИА
$eФедеральное казенное учреждение "Российский государственный исторический архив" (РГИА)
$j114
937##$hРГИА
$d12232415
$aASBIBLIO_SCAN
462#0$10011f1c399a-14ed-42fa-9eb1-1d2a6a2e794b
$12001
$aДела разряда средних учебных заведений Департамента народного просвещения за 1898-1906 гг
$1251
$cОпись
$1852
$j166
461#0$1001a74412a3-3cc5-4d21-8f0a-dfe2fbd9e72d
$12001
$aДепартамент народного просвещения Министерства народного просвещения (1803-1917)
$1251
$cФонд
$1852
$j733
215##$a220 л.
$d36,5х26 см
371##$aДокумент не является опубликованным и широко распространяемым
105##$ay###
1222#$ad
035##$a50460e99-81e6-4a44-b252-8f39ff39e8fd
856##$uhttp://readingroom.main.prlib.ru/item.aspx?id_node=n139521045&mode=full
Формат отображения